| 000 | 00661nam a2200217Ia 4500 | ||
|---|---|---|---|
| 003 | GCL | ||
| 008 | 140319s9999 xx 000 0 ara d | ||
| 040 |
_aGCL / _cGCL |
||
| 082 | 0 | 4 |
_a351 _bع ا |
| 100 | 1 | _aعلى السلمى | |
| 245 | 1 | 0 |
_aالادارة العامة / _cعلى السلمى |
| 260 |
_aالقاهرة : _bمكتبة غريب ، _c1988 |
||
| 300 |
_a410 ص ؛ _c24 سم |
||
| 490 | _a | ||
| 650 | 0 | 4 | _aالتخطيط الاقتصادى |
| 650 | 0 | 4 | _aالادارة المالية |
| 650 | 0 | 4 | _aالادارة العامة |
| 650 | 0 | 4 | _aالتنمية الادارية |
| 650 | 0 | 4 | _aالتنظيم والادارة |
| 942 |
_2ddc _cBK |
||
| 999 |
_c39266 _d39266 |
||